000 00371nam a2200145Ia 4500
008 230917s9999||||xx |||||||||||||| ||und||
040 _e217881
_aMAIN
041 _aEnglish
082 _a813.09 S73S
100 _aSarkar, R N
245 0 _aSelected models of American fiction
260 _aNew Delhi
_bAtlantic Publishers
_c2013
300 _avii, 206 p.
942 _cBK
999 _c179667
_d179667